Kvantitatívna charakterizácia karbidických fáz v kryogénne spracovanej nástrojovej oceli

Saved in:
Bibliographic Details
Main Author: Suchánek, Henrich (Author)
Other Authors: Ptačinová, Jana (Thesis advisor)
Format: Manuscript Book
Language:Slovak
Published: 2017
Subjects:
Online Access:http://is.stuba.sk/zp/portal_zp.pl?podrobnosti=122375
Tags: Add Tag
No Tags, Be the first to tag this record!

MARC

LEADER 00000ntm a22000003a 4500
001 stuzp62806
003 SK-STU
005 20170701210550.9
007 ta
008 150427s2015----xo-----f-mn---000-0-slo-d
040 |a STU  |b slo 
041 0 |a slo 
100 1 |a Suchánek, Henrich  |u 061000  |4 aut  |U MTF Materiálovotechnologická fakulta  |T MTF Ústav materiálov  |X 77471  |U M1000  |Y 81  |7 77471 
242 0 1 |a Quantitative characterization of carbide phases in sub-zero treated tool steel  |y eng 
245 1 0 |a Kvantitatívna charakterizácia karbidických fáz v kryogénne spracovanej nástrojovej oceli 
260 |c 2017 
650 4 |a chróm–vanádová ledeburitická oceľ  |2 slo 
650 4 |a kryogénne spracovanie  |2 slo 
650 4 |a karbidické fázy  |2 slo 
650 4 |a Cr-V ledeburitic steel  |2 eng 
650 4 |a sub – zero treatment  |2 eng 
650 4 |a carbide phases  |2 eng 
700 1 |a Ptačinová, Jana  |u 061000  |k Z3  |4 ths  |U MTF Materiálovotechnologická fakulta  |T MTF Ústav materiálov  |X 59841  |U M1000  |Y 81  |7 A000059841 
856 4 |u http://is.stuba.sk/zp/portal_zp.pl?podrobnosti=122375 
996 |c M* BP-8155  |l MMSKP  |s P  |a 0  |w stuzp62806_0001